00265nam a2200109Ia 4500008004100000100001900041245004100060250000800101260003000109300000800139650000800147191201s2012 xx 000 0 und d aIIBF, Banglore 0aPrinciples And Practices Of Banking  aRep aN. DelhibMacmillanc2012 a480 aMBA